000
00300pab a2200121 454500
008
180718b xxu||||| |||| 00| 0 eng d
100
_a
Bharat, Bhushan
245
_a
Beyond wages & Conditions
650
_a
Economic Policy
650
_a
Economic Development
773
_a
Indian Express
909
_a
21688
999
_c
21688
_d
21688